[Event "Latschach op 29th"]
[Site "Latschach"]
[Date "2013.08.12"]
[Round "4"]
[White "Niemers, Johannes"]
[Black "Drnovsek, Gal"]
[Result "0-1"]
[WhiteElo "2043"]
[BlackElo "2203"]
[PlyCount "52"]
[EventDate "2013.08.10"]
[EventType "swiss"]
[EventRounds "9"]
[EventCountry "AUT"]
[SourceTitle "CBM 155 Extra"]
[Source "ChessBase"]
[SourceDate "2013.08.26"]
[SourceVersion "1"]
[SourceVersionDate "2013.08.26"]
[SourceQuality "1"]

1. b3 d5 2. Bb2 Nf6 3. Nf3 e6 4. g3 Be7 5. Bg2 0-0 6. 0-0 c5 7. d3 Nc6 8. Nbd2 d4 9. e4 e5 10. a4 Be6 11. Nc4 Nd7 12. Bc1 a6 13. Bd2 b5 14. Nb2 Nb6 15. h4 c4 16. axb5 axb5 17. Rxa8 Qxa8 18. bxc4 bxc4 19. dxc4 Nxc4 20. Nd3 Qa2 21. Nfe1 Rc8 22. Kh2 f5 23. exf5 Bxf5 24. Bd5+ Kh8 25. Bc1 e4 26. Nb2 Nxb2 0-1

[Event "Latschach op 29th"]
[Site "Latschach"]
[Date "2013.08.11"]
[Round "2"]
[White "Niemers, Johannes"]
[Black "Krebs, Johann"]
[Result "0-1"]
[WhiteElo "2043"]
[BlackElo "2271"]
[PlyCount "78"]
[EventDate "2013.08.10"]
[EventType "swiss"]
[EventRounds "9"]
[EventCountry "AUT"]
[SourceTitle "CBM 155 Extra"]
[Source "ChessBase"]
[SourceDate "2013.08.26"]
[SourceVersion "1"]
[SourceVersionDate "2013.08.26"]
[SourceQuality "1"]

1. d4 Nf6 2. f4 g6 3. Nf3 Bg7 4. e3 0-0 5. c3 b6 6. Bd3 Ba6 7. Bc2 c5 8. Nbd2 d6 9. Ne4 Nbd7 10. b3 Qc8 11. Bb2 Qb7 12. Nxf6+ Nxf6 13. Qb1 cxd4 14. cxd4 Rac8 15. e4 d5 16. e5 Ne4 17. Ng5 Nc3 18. Bxc3 Rxc3 19. Kd2 Rfc8 20. Rc1 Bd3 21. Bxd3 Rxc1 22. Qxc1 Rxc1 23. Rxc1 e6 24. Nf3 Bf8 25. Ke3 h6 26. Rc2 Be7 27. g4 Qd7 28. h4 Kg7 29. f5 exf5 30. gxf5 gxf5 31. Kf4 Qd8 32. Rh2 Ba3 33. Rc2 Be7 34. Rg2+ Kh8 35. Rh2 Qd7 36. Bxf5 Qb5 37. Ke3 Qf1 38. Bd3 Qc1+ 39. Rd2 Bb4 0-1

[Event "NRW Class2 1213"]
[Site "Germany"]
[Date "2013.04.28"]
[Round "9.6"]
[White "Niemers, Johannes"]
[Black "Kramps, Rene"]
[Result "1-0"]
[WhiteElo "2003"]
[BlackElo "2010"]
[PlyCount "75"]
[EventDate "2012.09.16"]
[EventType "team-tourn"]
[EventRounds "9"]
[EventCountry "GER"]
[SourceTitle "EXT 2017"]
[Source "ChessBase"]
[SourceDate "2016.10.25"]
[SourceVersion "1"]
[SourceVersionDate "2016.10.25"]
[SourceQuality "1"]
[WhiteTeam "Gerresheim"]
[BlackTeam "Iserlohn Koenigsspringer"]
[WhiteTeamCountry "GER"]
[BlackTeamCountry "GER"]

1. d4 d5 2. f4 Nf6 3. Nf3 e6 4. e3 Be7 5. Bd3 Nbd7 6. 0-0 c5 7. c3 Qc7 8. Ne5 0-0 9. Nd2 b6 10. Rf3 Bb7 11. Rh3 g6 12. Qf3 Rac8 13. g4 Ne8 14. Qg3 Nxe5 15. dxe5 d4 16. exd4 cxd4 17. c4 f6 18. Qh4 Rf7 19. Bxg6 Rg7 20. Bxh7+ Kf8 21. Bd3 fxe5 22. Qh8+ Kf7 23. Qh5+ Kf8 24. fxe5 Bg5 25. Nf3 Be3+ 26. Bxe3 dxe3 27. Nd4 Ke7 28. Qh4+ Kd7 29. Rxe3 Qc5 30. Rd1 Re7 31. Bf5 Kc7 32. Bxe6 Kb8 33. Bxc8 Kxc8 34. Nf5 Rd7 35. Rxd7 Kxd7 36. e6+ Kc8 37. Qe7 Qc6 38. Qxe8+ 1-0

[Event "Oberliga NRW 1112"]
[Site "Germany"]
[Date "2012.04.29"]
[Round "9.5"]
[White "Niemers, Johannes"]
[Black "Homs, Guust"]
[Result "0-1"]
[WhiteElo "2019"]
[BlackElo "2159"]
[PlyCount "54"]
[EventDate "2011.09.18"]
[EventType "team-tourn"]
[EventRounds "9"]
[EventCountry "GER"]
[SourceTitle "EXT 2015"]
[Source "ChessBase"]
[SourceDate "2014.11.20"]
[SourceVersion "1"]
[SourceVersionDate "2014.11.20"]
[SourceQuality "1"]
[WhiteTeam "Gerresheim"]
[BlackTeam "Erkenschwick"]
[WhiteTeamCountry "GER"]
[BlackTeamCountry "GER"]

1. e4 e5 2. Nf3 Nc6 3. Bb5 a6 4. Bxc6 dxc6 5. d4 exd4 6. Qxd4 Qxd4 7. Nxd4 Bd7 8. 0-0 0-0-0 9. Nc3 Bd6 10. Be3 Ne7 11. Rac1 Rhe8 12. Nb3 b6 13. Rfd1 c5 14. f4 f6 15. Nd2 Nf5 16. Kf2 Nxe3 17. Kxe3 g5 18. g3 Be6 19. Kf3 h5 20. f5 Bf7 21. Nf1 Be5 22. Rxd8+ Rxd8 23. Nd1 Bxa2 24. Ra1 Bf7 25. Nde3 Bxb2 26. Rxa6 Kb7 27. Ra4 b5 0-1

[Event "Litomysl op 12th"]
[Site "Litomysl"]
[Date "2010.12.28"]
[Round "3"]
[White "Niemers, Johannes"]
[Black "Bombek, Peter"]
[Result "1-0"]
[WhiteElo "1999"]
[BlackElo "2228"]
[PlyCount "121"]
[EventDate "2010.12.26"]
[EventType "swiss"]
[EventRounds "9"]
[EventCountry "CZE"]
[SourceTitle "CBM 140 Extra"]
[Source "ChessBase"]
[SourceDate "2011.03.01"]
[SourceVersion "1"]
[SourceVersionDate "2011.03.01"]
[SourceQuality "1"]

1. e4 d5 2. exd5 Qxd5 3. Nc3 Qa5 4. d4 Nf6 5. Bc4 Nc6 6. Nge2 Bg4 7. f3 Bh5 8. Be3 0-0-0 9. Qc1 e5 10. dxe5 Nxe5 11. Bb3 Bc5 12. 0-0 Rhe8 13. Bxc5 Qxc5+ 14. Kh1 Nc6 15. Rd1 Rxd1+ 16. Qxd1 Qe3 17. Qg1 Na5 18. Qxe3 Rxe3 19. Nf4 Nxb3 20. axb3 a6 21. Kg1 Re5 22. Kf2 Bg6 23. Nxg6 hxg6 24. Rd1 c5 25. g4 g5 26. Rd3 Kc7 27. Re3 Kd6 28. Ne4+ Nxe4+ 29. fxe4 Kc6 30. Ke2 Re6 31. c3 Rh6 32. h3 Kd6 33. Rf3 f6 34. Kf2 Rh8 35. Ke3 Ke6 36. Kd3 b6 37. Ke3 Rd8 38. Rf1 Rd6 39. Rh1 b5 40. Ra1 c4 41. bxc4 bxc4 42. Ra4 Rd3+ 43. Ke2 Rxh3 44. Rxc4 Ke5 45. Ra4 Kf4 46. Rxa6 Kxg4 47. c4 Kf4 48. b4 Kxe4 49. Re6+ Kd4 50. c5 Rb3 51. Rb6 g4 52. c6 Rb2+ 53. Kf1 Ke3 54. Rb5 f5 55. Re5+ Kf4 56. Rc5 g3 57. c7 Rb1+ 58. Ke2 g2 59. c8Q g1Q 60. Qxf5+ Kg3 61. Rc3+ 1-0

[Event "Schwarzach op 25th"]
[Site "Schwarzach"]
[Date "2010.08.24"]
[Round "4"]
[White "Niemers, Johannes"]
[Black "Melde, Volker"]
[Result "1-0"]
[WhiteElo "1999"]
[BlackElo "1944"]
[PlyCount "105"]
[EventDate "2010.08.21"]
[EventType "swiss"]
[EventRounds "9"]
[EventCountry "AUT"]
[SourceTitle "CBM 138 Extra"]
[Source "ChessBase"]
[SourceDate "2010.10.29"]
[SourceVersion "1"]
[SourceVersionDate "2010.10.29"]
[SourceQuality "1"]

1. d4 d5 2. f4 f5 3. Nf3 Nf6 4. e3 e6 5. Bd3 Bd6 6. 0-0 0-0 7. b3 b6 8. Ba3 c5 9. Ne5 Bb7 10. Nc3 a6 11. dxc5 Bxc5 12. Bxc5 bxc5 13. Na4 Qc7 14. a3 Nbd7 15. Nf3 Rac8 16. c3 Rfe8 17. h3 g6 18. Qe2 Qa5 19. Bc2 Bc6 20. b4 Qb5 21. Qe1 cxb4 22. Nd4 Qb7 23. axb4 Bb5 24. Rf3 Ne4 25. Ra3 e5 26. Nb3 Bxa4 27. Na5 Qb6 28. Bxa4 exf4 29. Qd1 Qe6 30. exf4 Re7 31. c4 d4 32. c5 Qf6 33. Rad3 Nc3 34. Qb3+ Kg7 35. Bxd7 Ne2+ 36. Kh2 Nc1 37. Qc4 Re1 38. Qxd4 Nxd3 39. Qxf6+ Kxf6 40. Rxd3 Rc7 41. c6 Re4 42. Nb3 Rxb4 43. Rd6+ Kf7 44. Nc5 Rb6 45. Nd3 Ke7 46. Re6+ Kf8 47. Re8+ Kg7 48. Ne5 Rbxc6 49. Bxc6 h6 50. Re6 g5 51. Rg6+ Kh7 52. Rf6 Kg7 53. Rxf5 1-0

[Event "Schwarzach op 25th"]
[Site "Schwarzach"]
[Date "2010.08.21"]
[Round "1"]
[White "Wiesinger, Johann"]
[Black "Niemers, Johannes"]
[Result "0-1"]
[WhiteElo "1798"]
[BlackElo "1999"]
[PlyCount "86"]
[EventDate "2010.08.21"]
[EventType "swiss"]
[EventRounds "9"]
[EventCountry "AUT"]
[SourceTitle "CBM 138 Extra"]
[Source "ChessBase"]
[SourceDate "2010.10.29"]
[SourceVersion "1"]
[SourceVersionDate "2010.10.29"]
[SourceQuality "1"]

1. e4 c6 2. d4 d5 3. e5 Bf5 4. Nc3 e6 5. g4 Bg6 6. h4 h6 7. h5 Bh7 8. Bd3 Bxd3 9. Qxd3 Nd7 10. Nge2 c5 11. Be3 Ne7 12. f4 Nc6 13. dxc5 Nxc5 14. Qd2 Rc8 15. Kf2 b5 16. Bxc5 Bxc5+ 17. Kg3 Qb6 18. a3 a5 19. Qd3 Rb8 20. Rhf1 0-0 21. Ng1 Bxg1 22. Rxg1 f6 23. exf6 Rxf6 24. Rae1 b4 25. Na4 Qc7 26. Rgf1 Rbf8 27. Qe3 bxa3 28. bxa3 e5 29. f5 e4+ 30. Qf4 Qe7 31. Re3 d4 32. Rb3 Re8 33. Nb6 Rd6 34. Nc4 Rd7 35. Nb6 Rb7 36. Nd5 Rxb3+ 37. cxb3 Qe5 38. f6 Qxf4+ 39. Kxf4 e3 40. Re1 e2 41. fxg7 Kxg7 42. Kf3 d3 43. Nc3 Ne5+ 0-1

[Event "Goch op 20th"]
[Site "Goch"]
[Date "2009.10.03"]
[Round "4"]
[White "Meertens, Martin"]
[Black "Niemers, Johannes"]
[Result "1-0"]
[WhiteElo "2132"]
[BlackElo "2008"]
[PlyCount "101"]
[EventDate "2009.10.01"]
[EventType "swiss"]
[EventRounds "7"]
[EventCountry "GER"]
[SourceTitle "EXT 2011"]
[Source "ChessBase"]
[SourceDate "2010.11.26"]
[SourceVersion "1"]
[SourceVersionDate "2010.11.26"]
[SourceQuality "1"]

1. e4 e5 2. Nf3 Nf6 3. Nxe5 d6 4. Nf3 Nxe4 5. d4 d5 6. Bd3 Bd6 7. c4 0-0 8. 0-0 c6 9. Nc3 Re8 10. Qc2 Nf6 11. Bg5 Bg4 12. Bxh7+ Kh8 13. Rae1 Nbd7 14. cxd5 Bxf3 15. gxf3 cxd5 16. Bf5 Qc7 17. Kg2 Bf4 18. Bh4 g5 19. Bg3 Kg7 20. Bg4 Nf8 21. Qf5 Ng6 22. Nxd5 Nxd5 23. Qxd5 Rad8 24. Qxg5 Rxe1 25. Rxe1 Bxg5 26. Bxc7 Rxd4 27. Ba5 Bd2 28. Bxd2 Rxd2 29. Rb1 Nf4+ 30. Kg3 Nd3 31. Bf5 Nxf2 32. a3 Nd1 33. b4 Kf6 34. Bc8 b6 35. Rb3 Nf2 36. Rc3 Nh1+ 37. Kh3 Ra2 38. Bd7 Nf2+ 39. Kg3 Nh1+ 40. Kf4 Ke7 41. Bg4 Kd6 42. h4 Rh2 43. h5 Nf2 44. Kg5 Ke5 45. Re3+ Kd4 46. Re7 a5 47. bxa5 bxa5 48. Ra7 Nxg4 49. fxg4 Rg2 50. Rxa5 f6+ 51. Kxf6 1-0

[Event "Schwarzach op-B"]
[Site "Schwarzach"]
[Date "2009.08.21"]
[Round "7"]
[White "Niemers, Johannes"]
[Black "Schoenwolff, Kai"]
[Result "1-0"]
[WhiteElo "2008"]
[BlackElo "2062"]
[PlyCount "95"]
[EventDate "2009.08.15"]
[EventType "swiss"]
[EventRounds "9"]
[EventCountry "AUT"]
[SourceTitle "CBM 132 Extra"]
[Source "ChessBase"]
[SourceDate "2009.11.03"]
[SourceVersion "1"]
[SourceVersionDate "2009.11.03"]
[SourceQuality "1"]

1. d4 Nc6 2. d5 Ne5 3. e4 e6 4. f4 Ng6 5. dxe6 fxe6 6. Qe2 Nf6 7. g3 Bc5 8. Nc3 d6 9. Na4 Bxg1 10. Rxg1 0-0 11. Nc3 d5 12. e5 Nd7 13. Bg2 Nb6 14. b3 Qe7 15. Nb5 Qc5 16. Be3 Qe7 17. a4 a6 18. Na3 c5 19. a5 Nd7 20. c3 Rb8 21. Nc2 b6 22. axb6 Nxb6 23. b4 Nd7 24. bxc5 Nxc5 25. Nb4 Qc7 26. Qa2 Ne7 27. Ke2 Bd7 28. Rgd1 Bb5+ 29. Ke1 Bc4 30. Qa5 Qxa5 31. Rxa5 Nb3 32. Ra3 a5 33. Nd3 Nf5 34. Bg1 Rfc8 35. g4 Nh4 36. Bh1 Ba6 37. Bf2 Ng6 38. f5 Rxc3 39. Nc5 Nxe5 40. Nxa6 Rbc8 41. Nc5 R8xc5 42. fxe6 Rc8 43. Rxb3 Rxb3 44. Bxd5 Nf3+ 45. Kf1 Rb1 46. e7+ Kh8 47. Bxf3 Rxd1+ 48. Bxd1 1-0

[Event "Schwarzach op-B"]
[Site "Schwarzach"]
[Date "2009.08.15"]
[Round "1"]
[White "Niemers, Johannes"]
[Black "Rachbauer, Alois"]
[Result "1-0"]
[WhiteElo "2008"]
[BlackElo "1861"]
[PlyCount "67"]
[EventDate "2009.08.15"]
[EventType "swiss"]
[EventRounds "9"]
[EventCountry "AUT"]
[SourceTitle "CBM 132 Extra"]
[Source "ChessBase"]
[SourceDate "2009.11.03"]
[SourceVersion "1"]
[SourceVersionDate "2009.11.03"]
[SourceQuality "1"]

1. e4 e6 2. d4 d5 3. Nc3 Bb4 4. e5 c5 5. a3 cxd4 6. Qxd4 Nc6 7. Bb5 Bd7 8. Bxc6 Bxc3+ 9. Qxc3 Bxc6 10. Qg3 Ne7 11. Bg5 0-0 12. Ne2 h6 13. Bf6 g6 14. Qh4 Qa5+ 15. b4 Nf5 16. bxa5 Nxh4 17. Bxh4 Bb5 18. Nd4 Ba6 19. f4 Rfc8 20. 0-0-0 Rc5 21. Be1 Rac8 22. Bb4 Rc4 23. g4 Kh7 24. h4 b6 25. axb6 axb6 26. h5 R8c7 27. Rh2 Bc8 28. Bf8 g5 29. Bd6 Rb7 30. f5 Bd7 31. Kb2 Ra7 32. c3 Ra8 33. Rf2 Rac8 34. Bb4 1-0

[Event "Schwarzach op-B 20th"]
[Site "Schwarzach"]
[Date "2005.08.22"]
[Round "3.7"]
[White "Huber, Josef"]
[Black "Niemers, Johannes"]
[Result "1-0"]
[WhiteElo "1851"]
[BlackElo "2011"]
[PlyCount "56"]
[EventDate "2005.08.20"]
[EventType "swiss"]
[EventRounds "9"]
[EventCountry "AUT"]
[SourceTitle "EXT 2024"]
[Source "ChessBase"]
[SourceDate "2023.10.10"]
[SourceVersion "1"]
[SourceVersionDate "2023.10.10"]
[SourceQuality "1"]

1. d4 f5 2. Nf3 g6 3. Nc3 Nf6 4. Bg5 Bg7 5. Bxf6 exf6 6. e3 0-0 7. Bc4+ Kh8 8. h4 a6 9. h5 b5 10. Bb3 Re8 11. hxg6 h6 12. Bf7 Re7 13. Nh4 d6 14. Qf3 c6 15. Nxf5 Bxf5 16. Qxf5 d5 17. Qf4 Qf8 18. 0-0-0 b4 19. Rxh6+ Bxh6 20. Rh1 Rxf7 21. Rxh6+ Kg7 22. gxf7 Nd7 23. Ne2 Kxf7 24. Rh7+ Ke8 25. Qh2 b3 26. a3 Rb8 27. Rh8 bxc2 28. Rxf8+ Kxf8 1-0

[Event "Duisburg Grossenbaum op"]
[Site "Duisburg"]
[Date "2004.05.29"]
[Round "2"]
[White "Niemers, Johannes"]
[Black "Stark, Lars"]
[Result "0-1"]
[WhiteElo "2027"]
[BlackElo "2238"]
[PlyCount "40"]
[EventDate "2004.05.28"]
[EventType "swiss"]
[EventRounds "7"]
[EventCountry "GER"]
[SourceTitle "EXT 2006"]
[Source "ChessBase"]
[SourceDate "2005.11.24"]
[SourceVersion "1"]
[SourceVersionDate "2005.11.24"]
[SourceQuality "1"]

1. e4 e6 2. d4 d5 3. Nc3 Nf6 4. exd5 exd5 5. Bg5 Be7 6. Qd2 0-0 7. 0-0-0 Nc6 8. Nge2 Na5 9. Ng3 c6 10. Bxf6 Bxf6 11. b4 Nc4 12. Bxc4 dxc4 13. Nce4 Be7 14. f4 a5 15. a3 f5 16. Ng5 axb4 17. axb4 Ra3 18. c3 Bxg5 19. fxg5 f4 20. Ne4 Bg4 0-1

[Event "Duisburg Grossenbaum op"]
[Site "Duisburg"]
[Date "2004.05.29"]
[Round "3"]
[White "Pittag, Andreas"]
[Black "Niemers, Johannes"]
[Result "0-1"]
[WhiteElo "1706"]
[BlackElo "2027"]
[PlyCount "118"]
[EventDate "2004.05.28"]
[EventType "swiss"]
[EventRounds "7"]
[EventCountry "GER"]
[SourceTitle "EXT 2006"]
[Source "ChessBase"]
[SourceDate "2005.11.24"]
[SourceVersion "1"]
[SourceVersionDate "2005.11.24"]
[SourceQuality "1"]

1. e4 c5 2. Nf3 d6 3. b4 cxb4 4. a3 bxa3 5. Nxa3 Nf6 6. Bb5+ Nc6 7. d3 g6 8. Nc4 Bg7 9. Be3 Bd7 10. Bxc6 bxc6 11. Bd4 0-0 12. e5 dxe5 13. Bxe5 Bg4 14. Ne3 Bxf3 15. Qxf3 Nd5 16. Bxg7 Kxg7 17. 0-0 a5 18. Ra4 Nxe3 19. fxe3 Qc7 20. Qf4 Qxf4 21. Rfxf4 Rfb8 22. Rfc4 Ra6 23. Kf2 Rb5 24. d4 Kf6 25. e4 Ke6 26. h3 Rab6 27. c3 Kd7 28. Kf3 f6 29. Kf4 e5+ 30. Ke3 Kd6 31. Kd3 Kc7 32. Ke3 exd4+ 33. Kxd4 Rg5 34. g4 Rb1 35. Rc5 Rxc5 36. Kxc5 Rb5+ 37. Kd4 Kb6 38. Kc4 Rb2 39. Ra3 Rh2 40. Rb3+ Kc7 41. Ra3 Rxh3 42. Rxa5 Kb6 43. Ra8 Rg3 44. Rb8+ Kc7 45. Rh8 Kd6 46. Rxh7 Rxg4 47. Kd3 Rg3+ 48. Kd4 c5+ 49. Kc4 Re3 50. Rh4 g5 51. Rh6 Rxe4+ 52. Kb5 Rf4 53. Rh8 Rf1 54. Rd8+ Ke5 55. Kxc5 g4 56. Rd5+ Ke4 57. Rd4+ Kf3 58. Rd5 g3 59. Rf5+ Ke2 0-1

[Event "Schwarzach op-B 18th"]
[Site "Salzburg"]
[Date "2003.08.29"]
[Round "7.8"]
[White "Sadilek, Heinrich"]
[Black "Niemers, Johannes"]
[Result "0-1"]
[WhiteElo "1792"]
[BlackElo "1931"]
[PlyCount "100"]
[EventDate "2003.08.23"]
[EventType "swiss"]
[EventRounds "9"]
[EventCountry "AUT"]
[SourceTitle "EXT 2004"]
[Source "ChessBase"]
[SourceDate "2003.11.25"]
[SourceVersion "1"]
[SourceVersionDate "2003.11.25"]
[SourceQuality "1"]

1. e4 c5 2. Nf3 d6 3. c3 Nf6 4. d3 g6 5. Be2 Bg7 6. Nbd2 Nc6 7. Nf1 Qc7 8. Ne3 e6 9. Qb3 a6 10. 0-0 b5 11. a4 Rb8 12. axb5 axb5 13. Bd2 0-0 14. Qc2 d5 15. exd5 exd5 16. c4 bxc4 17. dxc4 d4 18. Nd5 Qb7 19. Bf4 Bf5 20. Qd1 Rbd8 21. Bg5 Rd6 22. Bxf6 Bxf6 23. Bd3 Bxd3 24. Qxd3 Nb4 25. Nxf6+ Rxf6 26. Qb3 Rb6 27. Rfb1 Rb8 28. Ne1 Nd5 29. Qa3 Nc3 30. bxc3 Rxb1 31. cxd4 Qe4 32. Kf1 Rxa1 33. Qxa1 Rb1 34. Qc3 cxd4 35. Qd2 d3 36. c5 Qe5 37. c6 Qxh2 38. f3 Qe5 39. c7 Qxc7 40. Qxd3 Rc1 41. Qe3 Qc4+ 42. Kf2 Qc5 43. Qxc5 Rxc5 44. Nd3 Rb5 45. Ke3 Kg7 46. g3 h5 47. Nf4 Rb3+ 48. Nd3 g5 49. Ke4 f5+ 50. Kd4 h4 0-1

[Event "Schwarzach op-B 18th"]
[Site "Salzburg"]
[Date "2003.08.25"]
[Round "3.6"]
[White "Niemers, Johannes"]
[Black "Schoerghofer, Johann"]
[Result "1-0"]
[WhiteElo "1931"]
[BlackElo "1620"]
[PlyCount "65"]
[EventDate "2003.08.23"]
[EventType "swiss"]
[EventRounds "9"]
[EventCountry "AUT"]
[SourceTitle "EXT 2004"]
[Source "ChessBase"]
[SourceDate "2003.11.25"]
[SourceVersion "1"]
[SourceVersionDate "2003.11.25"]
[SourceQuality "1"]

1. e4 e6 2. d4 d5 3. Nc3 Bb4 4. e5 c5 5. a3 Bxc3+ 6. bxc3 Ne7 7. Nf3 Nbc6 8. h4 Qa5 9. Bd2 b6 10. h5 h6 11. Rh4 cxd4 12. cxd4 Qa4 13. c3 Qxd1+ 14. Kxd1 Bd7 15. Ne1 Na5 16. Rb1 Rc8 17. Nc2 Nc4 18. Bc1 Ba4 19. Rb4 b5 20. Bxc4 dxc4 21. Rb2 a5 22. Bd2 Nd5 23. Kc1 Ke7 24. Ne3 Nxe3 25. fxe3 g5 26. Rh3 f5 27. exf6+ Kxf6 28. Rf3+ Ke7 29. Be1 Rcf8 30. Rbf2 Rxf3 31. Rxf3 Bb3 32. Bg3 Rf8 33. Bd6+ 1-0

[Event "Schwarzach op-B 18th"]
[Site "Salzburg"]
[Date "2003.08.24"]
[Round "2.8"]
[White "Koessler, Andreas"]
[Black "Niemers, Johannes"]
[Result "0-1"]
[WhiteElo "1740"]
[BlackElo "1931"]
[PlyCount "62"]
[EventDate "2003.08.23"]
[EventType "swiss"]
[EventRounds "9"]
[EventCountry "AUT"]
[SourceTitle "EXT 2004"]
[Source "ChessBase"]
[SourceDate "2003.11.25"]
[SourceVersion "1"]
[SourceVersionDate "2003.11.25"]
[SourceQuality "1"]

1. e4 c5 2. d4 cxd4 3. Nf3 e5 4. c3 dxc3 5. Nxc3 Bb4 6. Bc4 Bxc3+ 7. bxc3 Nf6 8. Ba3 Qc7 9. Qb3 d6 10. Rd1 Nxe4 11. Nd2 Nc5 12. Bxc5 dxc5 13. Ne4 0-0 14. 0-0 Nc6 15. Qc2 Qe7 16. Bd3 Be6 17. Nd6 g6 18. Ne4 f5 19. Ng3 a6 20. f3 Rad8 21. Rfe1 c4 22. Bf1 Rxd1 23. Rxd1 Rd8 24. Be2 Rxd1+ 25. Qxd1 Qd8 26. Qf1 Qa5 27. Qb1 b5 28. Qc2 b4 29. cxb4 Qxb4 30. a3 Qxa3 31. Bxc4 Qc5+ 0-1

[Event "Kleve op"]
[Site "Kleve"]
[Date "2002.05.10"]
[Round "3"]
[White "Niemers, Johannes"]
[Black "Meins, Gerlef"]
[Result "0-1"]
[WhiteElo "2003"]
[BlackElo "2404"]
[PlyCount "55"]
[EventDate "2002.05.09"]
[EventType "swiss"]
[EventRounds "7"]
[EventCountry "GER"]
[SourceTitle "EXT 2008"]
[Source "ChessBase"]
[SourceDate "2007.11.25"]
[SourceVersion "1"]
[SourceVersionDate "2007.11.25"]
[SourceQuality "1"]

1. e4 c5 2. Nf3 Nc6 3. g3 g6 4. Bg2 Bg7 5. d3 e6 6. c3 Nge7 7. 0-0 0-0 8. Be3 b6 9. Qc2 d5 10. Na3 Bb7 11. Rad1 Rc8 12. Rfe1 h6 13. h4 a6 14. Nh2 d4 15. Bd2 b5 16. c4 Qb6 17. b3 Nb4 18. Qb1 Nec6 19. f4 Qa5 20. Bc1 bxc4 21. bxc4 Rb8 22. Nf1 Qa4 23. Nd2 Na5 24. Nb3 Rfc8 25. Rd2 Ba8 26. Nxa5 Qxa5 27. Bf3 e5 28. Qa1 0-1

[Event "Kleve op"]
[Site "Kleve"]
[Date "2002.05.09"]
[Round "1"]
[White "Niemers, Johannes"]
[Black "Vlad, Christoph"]
[Result "1-0"]
[WhiteElo "2003"]
[BlackElo "1209"]
[PlyCount "81"]
[EventDate "2002.05.09"]
[EventType "swiss"]
[EventRounds "7"]
[EventCountry "GER"]
[SourceTitle "EXT 2008"]
[Source "ChessBase"]
[SourceDate "2007.11.25"]
[SourceVersion "1"]
[SourceVersionDate "2007.11.25"]
[SourceQuality "1"]

1. f4 c5 2. Nf3 Nc6 3. g3 e6 4. Bg2 g6 5. 0-0 Bg7 6. d3 Nge7 7. Nc3 b6 8. e4 d6 9. e5 dxe5 10. Nxe5 Nxe5 11. Bxa8 N7c6 12. Ne4 Ba6 13. Bxc6+ Nxc6 14. Nf2 c4 15. dxc4 Qxd1 16. Rxd1 Bxc4 17. c3 0-0 18. Be3 Re8 19. Ne4 Re7 20. Nd6 Be2 21. Rd2 Ba6 22. Rc1 Bh6 23. b4 e5 24. b5 exf4 25. Bxf4 Bxf4 26. gxf4 Bb7 27. Nxb7 Rxb7 28. bxc6 Rc7 29. Rd6 Kg7 30. Re1 a5 31. Re8 Kh6 32. Rb8 Kh5 33. Rb7 Rxc6 34. Rxc6 h6 35. Rcxb6 f5 36. Rg7 g5 37. fxg5 hxg5 38. h3 a4 39. Rb8 Kh4 40. Kg2 g4 41. Rh8# 1-0

[Event "Bad Zwesten op 6th"]
[Site "Bad Zwesten"]
[Date "2002.01.05"]
[Round "2"]
[White "Biedekoepper, Robert"]
[Black "Niemers, Johannes"]
[Result "1/2-1/2"]
[WhiteElo "2242"]
[BlackElo "2003"]
[PlyCount "51"]
[EventDate "2002.01.04"]
[EventType "swiss"]
[EventRounds "9"]
[EventCountry "GER"]
[SourceTitle "CBM 086 Extra"]
[Source "ChessBase"]
[SourceDate "2002.03.14"]
[SourceVersion "1"]
[SourceVersionDate "2002.03.14"]
[SourceQuality "1"]

1. c4 c6 2. Nf3 e6 3. b3 d5 4. Bb2 f5 5. g3 Nf6 6. Bg2 Be7 7. 0-0 0-0 8. d3 Na6 9. Nbd2 b6 10. Ne5 Bb7 11. Ndf3 c5 12. Ng5 Nc7 13. e3 Ng4 14. Ngf3 Bf6 15. Qe2 Qd6 16. d4 Bxe5 17. dxe5 Qe7 18. h3 Nh6 19. Rfd1 Rad8 20. Ne1 Ba8 21. Rd2 dxc4 22. Rxd8 Rxd8 23. Bxa8 Nxa8 24. bxc4 Qd7 25. a4 Nc7 26. Ra3 1/2-1/2

[Event "Dortmund Sparkassen op-B"]
[Site "Dortmund"]
[Date "2000.07.15"]
[Round "8"]
[White "Niemers, Johannes"]
[Black "Ziabari, Morteza"]
[Result "1-0"]
[WhiteElo "2022"]
[BlackElo "2074"]
[PlyCount "59"]
[EventDate "2000.07.07"]
[EventType "swiss"]
[EventRounds "9"]
[EventCountry "GER"]
[SourceTitle "EXT 2001"]
[Source "ChessBase"]
[SourceDate "2000.11.22"]
[SourceVersion "1"]
[SourceVersionDate "2000.11.22"]
[SourceQuality "1"]

1. e4 e5 2. f4 Bc5 3. Nf3 d6 4. d4 exd4 5. Nxd4 Nf6 6. Nc3 Bg4 7. Qd3 Bxd4 8. Qxd4 Nc6 9. Qf2 Qe7 10. Bd3 Bf5 11. 0-0 Nxe4 12. Nxe4 0-0-0 13. Nxd6+ Rxd6 14. Bxf5+ Kb8 15. Be3 g6 16. Bg4 Qd8 17. Bf3 Ka8 18. a4 Na5 19. b3 Qc8 20. Bxa7 Rhd8 21. Be3 h5 22. Rad1 Qf5 23. Rxd6 Rxd6 24. Rd1 h4 25. Rxd6 cxd6 26. Qxh4 Nc6 27. Qh8+ Nb8 28. Qd4 Nc6 29. Bxc6 Qa5 30. Qh8+ 1-0